Enfermería práctica /

書目詳細資料
主要作者: Brunner, Lillian Sholtis (autor)
其他作者: Suddarth, Doris Smith (autor)
格式: 圖書
語言:Spanish
版:primera edición
主題:

MARC

LEADER 00000cam a2200000 i 4500
003 Ucuenca
005 20230308175250.0
006 a||||fr|||||||1|||
007 ta
008 984031s1981 mx aaaafr|||||||1|||spa|a
999 |c 49259  |d 49259 
020 |a 968-25-0190-3 
040 |b spa  |a UCuenca-cdrjbv  |c UCuenca  |e rda 
041 1 |a spa 
082 0 |a 610.73  |2 22  |c 19526 
100 1 |9 82245  |a Brunner, Lillian Sholtis  |e autor 
245 1 0 |a Enfermería práctica /   |c Lillian Sholtis Brunner y Doris Smith Suddarth  
250 |a primera edición 
264 |a México:   |b Interamericana,   |c 1981. 
300 |a xiv, 983 páginas:   |b ilu  |c 26 cm 
336 |2 rdacontent  |a texto  |b txt 
337 |2 rdamedia  |a no mediado  |b n 
338 |2 rdacarrier  |a volumen  |b nc 
504 |a incl. ref. 
650 1 7 |a Enfermería  |9 81560  |2 UCuenca-cdrjbv 
650 1 7 |a Paciente  |9 101575  |2 UCuenca-cdrjbv 
700 1 |9 82645  |a Suddarth, Doris Smith  |e autor 
852 |a UC-SALUD  |f Compra  |l 1  |m Limitada  |p 19840312  |q 2500,00  |r 2  |t 19526  |v med  |w Enfermería  |y 123258  |b 1  |d CDRS  |e CDRS  |g 610.73 ESTANTERIA ABIERTA  |z 1984-40-31 
942 |c BK  |2 ddc  |z vanessa.morales@ucuenca.edu.ec  |0 1  |r daniel.carrión@ucuenca.edu.ec